The new Africa

Enregistré dans:
Détails bibliographiques
Auteur principal: Allen
Format: Livre
Langue:Undetermined
Publié: New York Charles Scribner's Sons 1960
Sujets:
Tags: Ajouter un tag
Pas de tags, Soyez le premier à ajouter un tag!
Thư viện lưu trữ: Trung tâm Học liệu Trường Đại học Cần Thơ
LEADER 00478nam a2200181Ia 4500
001 CTU_10398
008 210402s9999 xx 000 0 und d
082 |a 916 
082 |b G263 
100 |a Allen 
245 4 |a The new Africa 
245 0 |c Allen, Attilio Gatti 
260 |a New York 
260 |b Charles Scribner's Sons 
260 |c 1960 
650 |a africa - description and travel 
904 |i Minh, 961009 
980 |a Trung tâm Học liệu Trường Đại học Cần Thơ